Table of factorials 0! to 9999!.

Guardado en:
Autor Principal: Ried, Joseph Boutelle, 1913- [from old catalog]
Otros Autores: Montpetit, G., [from old catalog].
Formato: Libro
Idioma:English
Publicado: Washington : National Academy of Sciences-National Research Council, 1962.
Materias:
Etiquetas: Agregar Etiqueta
Sin Etiquetas, Sea el primero en etiquetar este registro!
LEADER 00677cam a2200205ua 4500
001 MAT.inmabb005608
008 830523s1962####dcu###########000#0#eng##
005 20170824122713.0
245 1 0 |a Table of factorials 0! to 9999!. 
260 |a Washington :  |b National Academy of Sciences-National Research Council,  |c 1962. 
300 |a unpaged. 28 cm. 
510 4 |a MR,  |c 26 #3932 
100 1 |a Ried, Joseph Boutelle,  |d 1913- [from old catalog] 
700 1 |a Montpetit, G., [from old catalog]. 
740 0 |a Factorials 0! to 9999! 
650 0 |a Mathematics  |v Tables. 
084 |a 10.02 (65.05)  |2 MR 
010 |a  63060020  
040 |a DLC  |c CarP  |d DLC 
859 |h 11  |i R549  |p A-2851  |b BIB. MATEMATICA